<?xml version="1.0" encoding="UTF-8"?>
<record
    xmlns:xsi="http://www.w3.org/2001/XMLSchema-instance"
    xsi:schemaLocation="http://www.loc.gov/MARC21/slim http://www.loc.gov/standards/marcxml/schema/MARC21slim.xsd"
    xmlns="http://www.loc.gov/MARC21/slim">

  <leader>00487nam a2200157   4500</leader>
  <controlfield tag="003">LK-CoMWRAF</controlfield>
  <controlfield tag="005">20240217003444.0</controlfield>
  <controlfield tag="008">231210b        |||||||| |||| 00| 0 eng d</controlfield>
  <datafield tag="040" ind1=" " ind2=" ">
    <subfield code="a">LK-CoMWRAF</subfield>
    <subfield code="d">LK-CoMWRAF</subfield>
    <subfield code="e">LK-CoMWRAF</subfield>
  </datafield>
  <datafield tag="041" ind1=" " ind2=" ">
    <subfield code="a">tam</subfield>
  </datafield>
  <datafield tag="082" ind1=" " ind2=" ">
    <subfield code="a">297.577</subfield>
    <subfield code="b">VIV</subfield>
  </datafield>
  <datafield tag="245" ind1=" " ind2=" ">
    <subfield code="a">&#xBB5;&#xBBF;&#xBB5;&#xBBE;&#xB95;&#xBB0;&#xBA4;&#xBCD;&#xBA4;&#xBC2;&#xBAE;&#xBCD;  &#xB85;&#xBA4;&#xBA9;&#xBCD;  &#xB9A;&#xBC6;&#xBAF;&#xBA9;&#xBCD;&#xBAE;&#xBC1;&#xBB1;&#xBC8;&#xB95;&#xBB3;&#xBC1;&#xBAE;&#xBCD;</subfield>
  </datafield>
  <datafield tag="260" ind1=" " ind2=" ">
    <subfield code="a">Colombo :</subfield>
    <subfield code="b">Muslim Women's Research and Action Forum - MWRAF,</subfield>
  </datafield>
  <datafield tag="300" ind1=" " ind2=" ">
    <subfield code="a">13 p.</subfield>
  </datafield>
  <datafield tag="942" ind1=" " ind2=" ">
    <subfield code="c">BK</subfield>
  </datafield>
  <datafield tag="952" ind1=" " ind2=" ">
    <subfield code="0">0</subfield>
    <subfield code="1">0</subfield>
    <subfield code="4">0</subfield>
    <subfield code="7">0</subfield>
    <subfield code="8">RAFP</subfield>
    <subfield code="a">MAIN</subfield>
    <subfield code="b">MAIN</subfield>
    <subfield code="d">2023-12-10</subfield>
    <subfield code="l">0</subfield>
    <subfield code="o">297.577 VIV</subfield>
    <subfield code="p">RAF2969</subfield>
    <subfield code="r">2023-12-10</subfield>
    <subfield code="w">2023-12-10</subfield>
    <subfield code="y">BK</subfield>
  </datafield>
  <datafield tag="952" ind1=" " ind2=" ">
    <subfield code="0">0</subfield>
    <subfield code="1">0</subfield>
    <subfield code="4">0</subfield>
    <subfield code="7">0</subfield>
    <subfield code="8">RAFP</subfield>
    <subfield code="a">MAIN</subfield>
    <subfield code="b">MAIN</subfield>
    <subfield code="d">2023-12-10</subfield>
    <subfield code="l">0</subfield>
    <subfield code="o">297.577 VIV</subfield>
    <subfield code="p">RAF3029</subfield>
    <subfield code="r">2023-12-10</subfield>
    <subfield code="w">2023-12-10</subfield>
    <subfield code="y">BK</subfield>
  </datafield>
  <datafield tag="952" ind1=" " ind2=" ">
    <subfield code="0">0</subfield>
    <subfield code="1">0</subfield>
    <subfield code="4">0</subfield>
    <subfield code="7">0</subfield>
    <subfield code="8">RAFP</subfield>
    <subfield code="a">MAIN</subfield>
    <subfield code="b">MAIN</subfield>
    <subfield code="d">2023-12-10</subfield>
    <subfield code="l">0</subfield>
    <subfield code="o">297.577 VIV</subfield>
    <subfield code="p">RAF3036</subfield>
    <subfield code="r">2023-12-10</subfield>
    <subfield code="w">2023-12-10</subfield>
    <subfield code="y">BK</subfield>
  </datafield>
  <datafield tag="999" ind1=" " ind2=" ">
    <subfield code="c">4327</subfield>
    <subfield code="d">4327</subfield>
  </datafield>
</record>
